000 00670nam a2200277Ia 4500
005 20260324130814.0
008 008 260324s9999 xx 000 0 eng d
020 _a9781315258355
037 _aEBOOK
040 _aCRL
040 _beng
040 _cCRL
041 _2eng
041 _aeng
084 _qCRL
100 _aDaniel Eppley
_91183155
245 0 _aDefending Royal Supremacy and Discerning God's Will in Tudor England
260 _bTaylor and Francis
260 _c2007
365 _a
365 _b230
856 _uhttp://www.taylorfrancis.com/books/9781315258355
942 _cEBOOK
999 _c1779677
_d1779677